| 000 | nam a22 7a 4500 | ||
|---|---|---|---|
| 999 |
_c17406 _d17406 |
||
| 008 | 161126b xxu||||| |||| 00| 0 eng d | ||
| 020 | _a0030565448 | ||
| 050 |
_aQC 30 _b .S47 2002 |
||
| 100 |
_aSerway,Raymond A. _d2002 |
||
| 245 |
_aPhysics. _cRaymond A.Serway |
||
| 260 |
_bCorbis, _c2002. |
||
| 300 | _axxiii,1002p. | ||
| 650 | _aphysics. | ||
| 942 |
_2lcc _cBOOKS _hQC 30 .S47 2002 |
||